Estadísticas para Banderas de los países que limitan con R.D. Congo

Haz click aquí para intentar la prueba.

Estadísticas generales

  • Esta prueba ha sido intentada 53 veces
  • La puntuación promedio es 8 de 9

Estadísticas de respuestas

Respuesta% Correcto
Angola
96%
Uganda
96%
Republica Centroafricana
92%
Tanzania
92%
Zambia
92%
Congo
90%
Burundi
85%
Sudan del Sur
85%
Ruanda
83%

Distribución de puntuación

Porcentaje por número respondido

Porcentaje de gente con cada puntuación

Historial de tus puntuaciones

No has intentado esta prueba.